| 000 | 00498nam a22001937a 4500 | ||
|---|---|---|---|
| 003 | MPLRDC | ||
| 005 | 20220104161701.0 | ||
| 008 | 210129b ||||| |||| 00| 0 eng d | ||
| 020 | _a7-5377-2525-X | ||
| 082 | _a413.1 THL | ||
| 100 | _a田合禄等 | ||
| 245 |
_a中医太极医学 _c |
||
| 250 | _a一版二刷 | ||
| 260 |
_a中国 _b山西科学技术出版社 _c2006 |
||
| 300 | _b平 | ||
| 490 | _a周易与中医智慧丛书 | ||
| 650 | _a医经: 中医理论 | ||
| 942 |
_cBK _o413.1 THL |
||
| 999 |
_c55603 _d55593 |
||